Statistics for Bastard Tracklist (Tyler, The Creator)

Click here to take the quiz!

General Stats

  • This quiz has been taken 57 times
  • The average score is 12 of 15

Answer Stats

HintAnswer% Correct
1Bastard
100%
3Odd Toddlers
95%
4French!
86%
2Seven
86%
9AssMilk
81%
13Jack and the Beanstalk
81%
12Sarah
81%
11Session
76%
14Tina
76%
15Inglorious
71%
7Parade
71%
5Blow
67%
6Pigs Fly
67%
8Slow It Down
67%
10VCR Wheels
57%

Score Distribution

Percentile by Number Answered

Percent of People with Each Score

Your Score History

You have not taken this quiz